| 000 | 00504nam a2200181Ia 4500 | ||
|---|---|---|---|
| 005 | 20250129013950.0 | ||
| 008 | 240331s9999 xx 000 0 und d | ||
| 020 | _a1842772031 | ||
| 082 |
_bSIL _21899 _a304.8 |
||
| 245 | 4 |
_aThe Hybrid Island: _bCulture crossings and the invention of identity in Sri Lanka |
|
| 260 |
_aColombo _bSocial Scientists' Association _c2002 |
||
| 300 | _avii, 177 p., | ||
| 650 | _aCulture | ||
| 650 | _aIdentity | ||
| 650 | _aSociety | ||
| 700 |
_aSilva, N _eedt |
||
| 942 | _cL | ||
| 999 |
_c1434 _d1434 |
||